The noble scholar, jurist, historian


 His Excellency Dr. Abdul Wahhab bin Ibrahim Abu Sulaiman, may Allah have mercy on him.


 He was born in Umm Al-Qura in the year 1356 AH.

مصور في الحج : (Record no. 6293)

MARC details
000 -LEADER
fixed length control field 01523cam a22003491i 4500
003 - CONTROL NUMBER IDENTIFIER
control field SA-RiAUC
005 - DATE AND TIME OF LATEST TRANSACTION
control field 20250307114707.0
008 - FIXED-LENGTH DATA ELEMENTS--GENERAL INFORMATION
fixed length control field 250307s2012____ts o g f00000dara c
020 ## - INTERNATIONAL STANDARD BOOK NUMBER
International Standard Book Number 9789948170112
040 ## - CATALOGING SOURCE
Original cataloging agency SA-RiKAPL
Language of cataloging ara
Transcribing agency SA-RiAUC
Description conventions rda
041 1# - LANGUAGE CODE
Language code of text/sound track or separate title ara
Language code of original und
043 ## - GEOGRAPHIC AREA CODE
Geographic area code a-su---
082 04 - DEWEY DECIMAL CLASSIFICATION NUMBER
Classification number 915.31204
Assigning agency SA-RiAUC
090 ## - LOCALLY ASSIGNED LC-TYPE CALL NUMBER (OCLC); LOCAL CALL NUMBER (RLIN)
Classification number (OCLC) (R) ; Classification number, CALL (RLIN) (NR) 915.31204
Local cutter number (OCLC) ; Book number/undivided call number, CALL (RLIN) ك ح ي
100 1# - MAIN ENTRY--PERSONAL NAME
Personal name كحيل، فريد قيومجي
Relator term مؤلف.
245 10 - TITLE STATEMENT
Title مصور في الحج :
Remainder of title رحلات محمد علي أفندي السعودي 1904-1908 م. /
Statement of responsibility, etc. تأليف فريد قيومجي كحيل، روبرت غراهام ؛ ترجمة سري خريس، أحمد خريس.
250 ## - EDITION STATEMENT
Edition statement الطبعة الأولى.
264 #1 - PRODUCTION, PUBLICATION, DISTRIBUTION, MANUFACTURE, AND COPYRIGHT NOTICE
Place of production, publication, distribution, manufacture أبو ظبي :
Name of producer, publisher, distributor, manufacturer هيئة أبو ظبي للثقافة والتراث :
-- دار كلمة،
Date of production, publication, distribution, manufacture, or copyright notice 2012
264 #2 - PRODUCTION, PUBLICATION, DISTRIBUTION, MANUFACTURE, AND COPYRIGHT NOTICE
Place of production, publication, distribution, manufacture القاهرة :
Name of producer, publisher, distributor, manufacturer توزيع مجموعة النيل العربية
300 ## - PHYSICAL DESCRIPTION
Extent 179 صفحة :
Other physical details صور ؛
Dimensions 26 سم
336 ## - CONTENT TYPE
Content type term نص
Content type code txt
Source rdacontent
Materials specified كتاب
337 ## - MEDIA TYPE
Media type term بدون وسيط
Media type code n
Source rdamedia
338 ## - CARRIER TYPE
Carrier type term مجلد
Carrier type code nc
Source rdacarrier
600 17 - SUBJECT ADDED ENTRY--PERSONAL NAME
Personal name السعودي، محمد بن علي
General subdivision رحلات
Geographic subdivision مكة المكرمة
Source of heading or term aucnm
650 #7 - SUBJECT ADDED ENTRY--TOPICAL TERM
Topical term or geographic name entry element الحج
Source of heading or term aucsh
651 #7 - SUBJECT ADDED ENTRY--GEOGRAPHIC NAME
Geographic name مكة المكرمة
General subdivision وصف ورحلات
Source of heading or term aucsh
700 1# - ADDED ENTRY--PERSONAL NAME
Personal name جراهام، روبرت ج.،
Dates associated with a name 1946-
Relator term مؤلف.
700 1# - ADDED ENTRY--PERSONAL NAME
Personal name خريس، أحمد،
Dates associated with a name 1970-
Relator term مترجم.
700 1# - ADDED ENTRY--PERSONAL NAME
Personal name خريس، سري محمد
Relator term مترجم.
942 ## - ADDED ENTRY ELEMENTS (KOHA)
Source of classification or shelving scheme Dewey Decimal Classification
Koha item type Books
949 ## - LOCAL PROCESSING INFORMATION (OCLC)
a SA-JeALM
d 250307
u khaled123
n 1
Holdings
Withdrawn status Lost status Source of classification or shelving scheme Damaged status Not for loan Home library Current library Date acquired Total checkouts Full call number Barcode Date last seen Price effective from Koha item type
    Dewey Decimal Classification     DR AbdElwahab Library DR AbdElwahab Library 03/07/2025   915.31204 ك ح ي 000010575 03/07/2025 03/07/2025 Books
    Dewey Decimal Classification     DR AbdElwahab Library DR AbdElwahab Library 11/20/2025   915.31204 ك ح ي 000021301 11/20/2025 11/20/2025 Books
    Dewey Decimal Classification     DR AbdElwahab Library DR AbdElwahab Library 11/20/2025   915.31204 ك ح ي 000021302 11/20/2025 11/20/2025 Books